| Tag |
First Indicator |
Second Indicator |
Subfields |
| LEADER |
00000cam a2200000 4500 |
| 001 |
in00000023416 |
| 005 |
20151007064426.0 |
| 008 |
730124s1962 txuab b 00000 eng |
| 010 |
|
|
|a 62018077
|
| 035 |
|
|
|a (OCoLC)00545171
|
| 035 |
|
|
|9 AAD9797AM
|
| 040 |
|
|
|a DLC
|c WSU
|d TXA
|d UtOrBLW
|
| 049 |
|
|
|a TXAM
|c [402804]
|
| 050 |
|
0 |
|a QE33
|b .V6
|
| 092 |
|
|
|a 551.7018
|b V945a, 1962
|
| 100 |
1 |
|
|a Von Bandat, Horst F.
|
| 245 |
1 |
0 |
|a Aerogeology.
|
| 264 |
|
1 |
|a Houston, Tex. :
|b Gulf Pub. Co.,
|c [1962]
|
| 300 |
|
|
|a 350 pages
|
| 336 |
|
|
|a text
|b txt
|2 rdacontent
|
| 337 |
|
|
|a unmediated
|b n
|2 rdamedia
|
| 338 |
|
|
|a volume
|b nc
|2 rdacarrier
|
| 504 |
|
|
|a Bibliography: pages vii-viii. Bibliographical footnotes.
|
| 650 |
|
0 |
|a Aerial photography in geology.
|
| 650 |
|
0 |
|a Aerial photographic interpretation.
|
| 999 |
|
|
|a MARS
|
| 999 |
f |
f |
|s c6fe1e4c-71e6-3310-8862-8504c17dd539
|i 93a0b115-2d97-3e4f-b53d-e78d07eb965c
|t 0
|
| 952 |
f |
f |
|p ric
|a Texas A&M University
|b Rellis Campus
|c Joint Library Facility
|s JLF
|d Remote Storage
|t 0
|e QE33 .V6
|h Library of Congress classification
|i unmediated -- volume
|m A14800956290
|
| 998 |
f |
f |
|a QE33 .V6
|t 0
|l Remote Storage
|